Interconnected (Record no. 344739)
[ view plain ]
| 000 -LEADER | |
|---|---|
| fixed length control field | 00543nam a2200169Ia 4500 |
| 008 - FIXED-LENGTH DATA ELEMENTS--GENERAL INFORMATION | |
| fixed length control field | 230718s9999 xx 000 0 und d |
| 020 ## - INTERNATIONAL STANDARD BOOK NUMBER | |
| International Standard Book Number | 9781614294757 |
| 041 ## - LANGUAGE CODE | |
| Language code of text/sound track or separate title | eng |
| 082 ## - DEWEY DECIMAL CLASSIFICATION NUMBER | |
| Classification number | 294.344 |
| Item number | DOR |
| 100 ## - MAIN ENTRY--PERSONAL NAME | |
| Personal name | Dorje O.T. |
| 9 (RLIN) | 200074 |
| 245 ## - TITLE STATEMENT | |
| Title | Interconnected |
| Remainder of title | Embracing Life In Our Global Society |
| 260 ## - PUBLICATION, DISTRIBUTION, ETC. (IMPRINT) | |
| Date of publication, distribution, etc. | 2017 |
| Name of publisher, distributor, etc. | Wisdom |
| 300 ## - PHYSICAL DESCRIPTION | |
| Extent | 248 |
| 365 ## - TRADE PRICE | |
| Currency code | Rs. |
| Price amount | 375.00 |
| 700 ## - ADDED ENTRY--PERSONAL NAME | |
| Personal name | Dorje O.T.; Derris K. (Editor); Finnegan D.D. (Editor) & Finnegan D.D. (Translator) |
| 9 (RLIN) | 200075 |
| 906 ## - LOCAL DATA ELEMENT F, LDF (RLIN) | |
| d | O:0554514-Jun-2017B:320304-May-2017 |
| c | GENRL |
| b | 82.5 |
| Withdrawn status | Lost status | Damaged status | Not for loan | Home library | Current library | Date acquired | Vendor | Budget Code | Cost, normal purchase price | Bill number | Total Checkouts | Full call number | Barcode | Date last seen | Date last checked out | Discount | Cost, replacement price | Bill Date | Koha item type | Original Barcode |
|---|---|---|---|---|---|---|---|---|---|---|---|---|---|---|---|---|---|---|---|---|
| Cummins College of Engineering for Women Pune | Cummins College of Engineering for Women Pune | 14/06/2017 | Technical Book Services | GENRL | 292.50 | 3203 | 1 | 294.344 | CCEP-BK-55946 | 19/01/2024 | 05/01/2024 | 82.5 | 375.00 | 04/05/2017 | Books | 055946 |